000 00771nam a22002897a 4500
005 20260309170852.0
008 160303b2014 xxu||||| |||| 00| 0 spa d
020 _a9788449330155
041 _aESP
082 _a364.15 H668t
100 _aHirigoyen, Marie-France
_914883
245 _aTodo lo que hay que saber sobre el acoso moral en el trabajo
260 _aEspaña
260 _bPaidós
260 _c2014
300 _a142 páginas
490 _aInvestigación Criminal
650 _aDELITOS CONTRA LAS PERSONAS
650 _aACOSO LABORAL
650 _aACOSO MORAL
650 _aRIESGOS PSICOSOCIALES
650 _aEPIDEMIOLOGÍA
650 _aIMPACTO DEL ACOSO MORAL
650 _aMARCO JURÍDICO
650 _aPREVENCIÓN
942 _cBK
_2ddc
999 _c7776
_d7776